Biología ii (dutey) .¿ como hacer?, cuaderno de notas /

Guardado en:
Autor Principal: Dutey, María Leonie
Formato: Libro
Publicado: Buenos Aires : Huemul, 1992
Edición:3a. ed.
Etiquetas: Agregar Etiqueta
Sin Etiquetas, Sea el primero en etiquetar este registro!
LEADER 00847nam a22002055a 4500
001 CEM.cems007235
008 130507s1992##################000#0#####d
005 20240813091609.0
245 1 0 |a Biología ii (dutey) .¿ como hacer?, cuaderno de notas / 
250 |a 3a. ed. 
260 |a Buenos Aires :  |b Huemul,  |c 1992 
300 |a 94 p.1 
100 1 |a Dutey, María Leonie 
082 0 4 |a 574 
859 |a CEMS  |b BIB. CEMS - 11 de abril  |h 574  |i D951-1a3/III  |p 17025.93  |t Ej.1 
859 |a CEMS  |b BIB. CEMS - 11 de abril  |h 574  |i D951-1a3/III  |p 17230.93  |t Ej.2 
859 |a CEMS  |b BIB. CEMS - 11 de abril  |h 574  |i D951-1a3/III  |p 17537.94  |t Ej.3 
859 |a CEMS  |b BIB. CEMS - Agricultura  |h 574  |i D951-1a3/III  |p A17621.94  |t Ej.4 
859 |a CEMS  |b BIB. CEMS - 11 de abril  |h 574  |i D951-1a3/III  |p 17622.94  |t Ej.5 
859 |a CEMS  |b BIB. CEMS - Agricultura  |h 574  |i D951-1a3/III  |p A17623.94  |t Ej.6